| 000 | 00704cai a22001815a 4500 | ||
|---|---|---|---|
| 001 | L158131 | ||
| 008 | 140820s xxk f 000 0 eng d | ||
| 035 | _a(Sirsi) u158131 | ||
| 041 | 0 | _aeng | |
| 110 | 2 |
_aUnited Kingdom _bCabinet Office _95270 |
|
| 245 | 0 | 0 |
_aFind government property _h[electronic resource] |
| 520 | _aOnline toolkit allows you to search by location or government department to find government-owned property, buildings or land that is available to rent or buy across the UK. | ||
| 590 | _aKA | ||
| 651 | 4 |
_aUnited Kingdom _y |
|
| 690 |
_aCommercial property _96227 |
||
| 856 | 4 | 0 |
_uhttps://www.gov.uk/find-government-property _zView the website free of charge at www.gov.uk |
| 942 | _n0 | ||
| 999 |
_c115161 _d115161 |
||